Normal view
MARC view
Entry Topical Term
001 - CONTROL NUMBER
- control field: 852085
003 - CONTROL NUMBER IDENTIFIER
- control field: OSt
005 - DATE AND TIME OF LATEST TRANSACTION
- control field: 20251118153128.0
008 - FIXED-LENGTH DATA ELEMENTS
- fixed length control field: 251118|| aca||aabn | a|a d
040 ## - CATALOGING SOURCE
- Original cataloging agency: OSt
- Transcribing agency: OSt
150 ## - HEADING--TOPICAL TERM
- Topical term or geographic name entry element: Sociology of Religion
670 ## - SOURCE DATA FOUND
- Source citation: Work cat.: (OSt)561391: Fenn, Richard K. 72722, Return of the primitive: a new sociological theory of religion , 2001
